[Event "Druzynowe Mistrzostwa Polski Juniorow - Ekstraliga"]
[Site "Suchedniow"]
[Date "1899-12-30"]
[Round "8.30"]
[White "Harazinska, Magdalena"]
[Black "Sowa, Wiktoria"]
[Result "1-0"]
[WhiteTitle "I++"]
[BlackTitle "I"]
[WhiteElo "1811"]
[BlackElo "1539"]

1. d4 d5 2. c4 e6 3. Nc3 f5 4. Bf4 c6 5. e3 Nf6 6. Qc2 Bd6 7. Bxd6 Qxd6 8. Bd3
Ne4 9. Nf3 Nd7 10. O-O O-O 11. Nd2 Ndf6 12. f3 Nxc3 13. bxc3 b6 14. a4 Bb7 15.
a5 c5 16. Rfb1 g5 17. axb6 axb6 18. Rxa8 Rxa8 19. cxd5 Bxd5 20. e4 fxe4 21. fxe4
Ng4 22. Nf3 Bb7 23. Qd2 Qf4 24. Qxf4 gxf4 25. dxc5 Ra4 26. cxb6 Ne3 27. Nd4 Ra2
28. Nxe6 Rxg2+ 29. Kh1 Rd2 30. Nxf4 Ng4 31. Bc4+ Kf8 32. Bd5 Nxh2 33. Bxb7 Nf3
34. Ng2 Rd6 35. Ne1 Rh6+ 36. Kg2 Nd2 37. Rb4 Rg6+ 38. Kf2 Rf6+ 39. Ke2 1-0

[Event "Druzynowe Mistrzostwa Polski Juniorow - Ekstraliga"]
[Site "Suchedniow"]
[Date "1899-12-30"]
[Round "9.1"]
[White "Nowak, Kamil"]
[Black "Golda, Sebastian"]
[Result "1-0"]
[WhiteTitle "k+"]
[BlackTitle "I"]
[WhiteElo "2313"]
[BlackElo "1932"]

1. d4 d5 2. Nf3 Nc6 3. c4 Bg4 4. cxd5 Bxf3 5. gxf3 Qxd5 6. e3 e5 7. Nc3 Bb4 8.
Bd2 Bxc3 9. bxc3 Qd6 10. Qb3 O-O-O 11. Bh3+ Kb8 12. Qxf7 Nh6 13. Qe6 Qxe6 14.
Bxe6 exd4 15. cxd4 Rhe8 16. d5 Ne5 17. Ke2 c6 18. Bc3 Ng6 19. Bxg7 cxd5 20. Bxh6
Rxe6 21. f4 Rc6 22. Rhc1 Kc7 23. f5 Ne7 24. Bg5 Kd6 25. Rxc6+ bxc6 26. Rb1 Rd7
27. Bf4+ Kc5 28. f6 Ng6 29. Bb8 Rf7 30. f4 a5 31. Be5 Kc4 32. Rc1+ Kb5 33. Bd4
Rc7 34. Rc5+ Ka6 35. Kf3 h5 36. f5 Nf8 37. Kf4 Nd7 38. Kg5 Nxc5 39. Bxc5 Kb5 40.
Be7 c5 41. f7 Rxe7 42. f8=Q Rxe3 43. f6 Rf3 44. f7 d4 45. Qe8+ Kb4 46. f8=Q Rxf8
47. Qxf8 d3 48. Qd6 1-0

[Event "Druzynowe Mistrzostwa Polski Juniorow - Ekstraliga"]
[Site "Suchedniow"]
[Date "1899-12-30"]
[Round "9.2"]
[White "Marczuk, Anna"]
[Black "Gumularz, Szymon"]
[Result "0-1"]
[WhiteTitle "k"]
[BlackTitle "I++"]
[WhiteElo "1931"]
[BlackElo "2267"]

1. e4 d6 2. d4 Nf6 3. Nc3 e5 4. Nf3 Nbd7 5. Bc4 Be7 6. O-O O-O 7. Re1 c6 8. a4
a5 9. h3 Nb6 10. Bf1 exd4 11. Qxd4 d5 12. exd5 Nbxd5 13. Nxd5 Nxd5 14. c3 Bf5
15. Qd1 Qc7 16. Bd3 Bxd3 17. Qxd3 h6 18. Nd4 Bf6 19. Nf5 Rfe8 20. Bd2 Qb6 21.
Qc2 Qc5 22. Ne3 Nxe3 23. Bxe3 Qc4 24. Rad1 b5 25. axb5 cxb5 26. Qc1 a4 27. Rd7
b4 28. cxb4 Qxc1 29. Rxc1 Bxb2 30. Rcd1 a3 31. Bd4 Red8 32. Bxb2 Rxd7 33. Rxd7
axb2 0-1

[Event "Druzynowe Mistrzostwa Polski Juniorow - Ekstraliga"]
[Site "Suchedniow"]
[Date "1899-12-30"]
[Round "9.3"]
[White "Czopor, Maciej"]
[Black "Szczurek, Krzysztof"]
[Result "1/2-1/2"]
[WhiteTitle "I++"]
[BlackTitle "I"]
[WhiteElo "2016"]
[BlackElo "1926"]

1. e4 d5 2. exd5 Qxd5 3. Nc3 Qa5 4. d4 c6 5. Bd3 Nf6 6. Nf3 Bg4 7. h3 Bh5 8. O-O
e6 9. g4 Bg6 10. Bf4 Nbd7 11. a3 Be7 12. Re1 O-O 13. b4 Qd8 14. Bxg6 hxg6 15.
Bg3 Nb6 16. Qe2 Nbd5 17. Na2 a5 18. c4 Nc7 19. Qb2 axb4 20. axb4 Nh7 21. Ne5 Bd6
22. Nc3 Rxa1 23. Rxa1 Re8 24. Ne4 Bxe5 25. Bxe5 Na6 26. Nd6 Rf8 27. Nxb7 Qb6 28.
Na5 Ng5 29. Kg2 f6 30. Bd6 Rd8 31. Bc5 Nxc5 32. dxc5 Qc7 33. Qe2 e5 34. Rd1 Rb8
35. Qd2 Ne6 36. Qd6 Qxd6 37. Rxd6 Nd4 38. b5 cxb5 39. c6 Rc8 40. cxb5 Nxb5 41.
Rd7 Nd4 1/2-1/2

[Event "Druzynowe Mistrzostwa Polski Juniorow - Ekstraliga"]
[Site "Suchedniow"]
[Date "1899-12-30"]
[Round "9.4"]
[White "Korcyl, Patryk"]
[Black "Dytman, Radoslaw"]
[Result "1-0"]
[WhiteTitle "II"]
[BlackTitle "II+"]
[WhiteElo "1564"]
[BlackElo "1479"]

1. e4 e5 2. Nf3 Nc6 3. Bb5 a6 4. Ba4 Nf6 5. O-O b5 6. Bb3 Bc5 7. Re1 Ng4 8. Rf1
Nf6 9. c3 d6 10. d4 Bb6 11. a4 Rb8 12. axb5 axb5 13. Na3 Bg4 14. Qd3 O-O 15. Nxb5
exd4 16. Nbxd4 Ne5 17. Qc2 Bxd4 18. Nxd4 c5 19. h3 Bxh3 20. f4 cxd4 21. fxe5 Qb6
22. exf6 dxc3+ 23. Qf2 Qxb3 24. Qg3 g6 25. Qxh3 h5 26. Qxc3 Qb6+ 27. Kh1 Rfe8
28. Qd2 Rxe4 29. g3 Qb5 30. Rf2 Qc6 31. Kh2 Kf8 32. Qh6+ Ke8 33. Qh8+ Kd7 34.
Qxb8 Re1 35. Ra7+ Ke6 36. Re7+ 1-0

[Event "Druzynowe Mistrzostwa Polski Juniorow - Ekstraliga"]
[Site "Suchedniow"]
[Date "1899-12-30"]
[Round "9.5"]
[White "Dadello, Aleksandra"]
[Black "Jedrocha, Katarzyna"]
[Result "1-0"]
[WhiteTitle "I++"]
[BlackTitle "k"]
[WhiteElo "1958"]
[BlackElo "1948"]

1. e4 c5 2. Nf3 d6 3. d4 cxd4 4. Nxd4 Nf6 5. Nc3 a6 6. f3 e5 7. Nb3 Be7 8. Be3
O-O 9. Qd2 Be6 10. O-O-O a5 11. Kb1 a4 12. Nc1 a3 13. b3 Ra5 14. g4 d5 15. g5
Nxe4 16. Nxe4 dxe4 17. Qxd8 Bxd8 18. fxe4 Nc6 19. h4 Be7 20. Bb6 Raa8 21. Nd3
f6 22. Nc5 Bxc5 23. Bxc5 Rfe8 24. gxf6 gxf6 25. Rg1+ Kh8 26. Bd3 Rg8 27. Rdf1
Rxg1 28. Rxg1 Bf7 29. b4 b6 30. Bb5 bxc5 31. Bxc6 Rb8 32. b5 Bc4 33. Ka1 Rb6 34.
Rg3 h6 35. Rxa3 Bxb5 36. Bd5 Bc6 37. Rb3 Ra6 38. Bxc6 Rxc6 39. Rb7 Rd6 40. c3
Rd2 41. a4 Re2 42. a5 Rxe4 43. Rb2 Ra4+ 44. Ra2 Rg4 45. Rf2 Rxh4 46. a6 Rg4 47.
a7 Ra4+ 48. Ra2 Rxa7 49. Rxa7 h5 50. Kb2 h4 51. Rf7 Kg8 52. Rxf6 Kg7 53. Rf5 1-0

[Event "Druzynowe Mistrzostwa Polski Juniorow - Ekstraliga"]
[Site "Suchedniow"]
[Date "1899-12-30"]
[Round "9.6"]
[White "Dylag, Emilia"]
[Black "Harazinska, Magdalena"]
[Result "0-1"]
[WhiteTitle "I"]
[BlackTitle "I++"]
[WhiteElo "1712"]
[BlackElo "1811"]

1. e4 c5 2. Nc3 e6 3. f4 a6 4. g3 b5 5. Bg2 Bb7 6. d3 d5 7. Qe2 Nc6 8. Nf3 d4 9.
Nd1 Nf6 10. O-O Be7 11. Nf2 O-O 12. g4 Nd7 13. e5 Qc7 14. Ne4 Nb6 15. Qf2 Rfd8
16. Bd2 c4 17. g5 Rac8 18. Qh4 g6 19. Qh6 Nd5 20. h3 Ncb4 21. Bxb4 Bxb4 22. Nh2
Bf8 23. Qh4 Be7 24. Ng4 h5 25. Ngf6+ Bxf6 26. gxf6 Ne3 27. Qg5 Kh7 28. Rf2 cxd3
29. cxd3 Bxe4 30. Bxe4 Nf5 31. Bxf5 exf5 32. Re1 Re8 33. Rfe2 Re6 34. Qg2 Qc6
35. Rd1 Qxg2+ 36. Kxg2 Kg8 37. Rdd2 Rec6 38. Kf2 Kf8 39. Ke1 Ke8 40. Kd1 Kd7 41.
h4 Rc1# 0-1

[Event "Druzynowe Mistrzostwa Polski Juniorow - Ekstraliga"]
[Site "Suchedniow"]
[Date "1899-12-30"]
[Round "9.7"]
[White "Chomczyk, Marek"]
[Black "Wisniewski, Michal"]
[Result "1-0"]
[WhiteTitle "k"]
[BlackTitle "k+"]
[WhiteElo "2167"]
[BlackElo "2235"]

1. e4 c5 2. Nf3 d6 3. d4 cxd4 4. Nxd4 Nf6 5. Nc3 g6 6. Be3 Bg7 7. f3 Nc6 8. Qd2
O-O 9. O-O-O d5 10. Kb1 Nxd4 11. e5 Nf5 12. exf6 exf6 13. Bc5 d4 14. Bxf8 Qxf8
15. Nb5 Ne3 16. Rc1 Bh6 17. f4 Bxf4 18. Qxd4 Bh6 19. Bd3 Bf5 20. Qd6 Qc8 21. Nc7
Rb8 22. Rce1 Bxd3 23. cxd3 Bf8 24. Qxf6 Nxg2 25. Rc1 Qd7 26. Qf3 Nh4 27. Nd5 Bg7
28. Nf6+ Bxf6 29. Qxf6 Qxd3+ 30. Ka1 Nf5 31. Rc7 Rf8 32. Rhc1 Qd6 33. Qxd6 Nxd6
34. Rd7 Ne4 35. Rxb7 f5 36. Rcc7 Nf6 37. b4 f4 38. Rg7+ Kh8 39. Rgf7 Kg8 40. Rxf8+
Kxf8 41. Rxa7 g5 42. Ra5 h6 43. h4 Ne4 44. hxg5 hxg5 45. Re5 f3 46. Rf5+ Kg7 47.
Rxf3 Kg6 48. a4 g4 49. Rf4 Nf6 50. Rf1 Kg5 51. a5 Nd5 52. a6 g3 53. a7 Nb6 54.
Kb2 Kg4 55. Rf6 g2 56. Rxb6 Kf5 57. a8=Q g1=Q 58. Qd5+ 1-0

[Event "Druzynowe Mistrzostwa Polski Juniorow - Ekstraliga"]
[Site "Suchedniow"]
[Date "1899-12-30"]
[Round "9.8"]
[White "Pultorak, Jan"]
[Black "Kowalski, Igor"]
[Result "1-0"]
[WhiteTitle "FM"]
[BlackTitle "k"]
[WhiteElo "2296"]
[BlackElo "2131"]

1. b3 Nf6 2. Bb2 d5 3. e3 Bg4 4. f3 Bf5 5. f4 e6 6. Nf3 Nbd7 7. d3 Bb4+ 8. Nbd2
O-O 9. h3 Bg6 10. Qe2 Re8 11. g4 a5 12. a3 Bd6 13. Ne5 Nb6 14. Ndf3 Nfd7 15. h4
Bxe5 16. fxe5 h5 17. Ng5 hxg4 18. Qxg4 d4 19. Bxd4 c5 20. Bb2 Nd5 21. Qg3 Ne7
22. e4 Bh5 23. Rg1 Ng6 24. Be2 Bxe2 25. Kxe2 Qe7 26. Raf1 Rf8 27. h5 Nh8 28. Nh7
g6 29. Nf6+ Nxf6 30. exf6 Qd8 31. hxg6 Nxg6 32. Qh3 1-0

[Event "Druzynowe Mistrzostwa Polski Juniorow - Ekstraliga"]
[Site "Suchedniow"]
[Date "1899-12-30"]
[Round "9.9"]
[White "Pacan-milej, Kosma"]
[Black "Teclaf, Pawel"]
[Result "0-1"]
[WhiteTitle "I"]
[BlackTitle "CM"]
[WhiteElo "2033"]
[BlackElo "2191"]

1. d4 e6 2. Nf3 c5 3. g3 Nf6 4. Bg2 cxd4 5. Nxd4 Be7 6. O-O O-O 7. c4 d5 8. cxd5
Nxd5 9. e4 Nb4 10. Nc3 N8c6 11. Nxc6 bxc6 12. Bf4 Ba6 13. Qxd8 Rfxd8 14. Rfd1
Nd3 15. Bf1 c5 16. Na4 c4 17. Be3 Bb7 18. f3 f5 19. Bxd3 cxd3 20. exf5 Bxf3 21.
Rd2 exf5 22. Nc5 Be2 23. Ne6 Rd7 24. a3 Re8 25. Kf2 Bf6 26. Nc5 Rd5 27. Nb3 f4
28. Bxf4 g5 29. Bc7 Rb5 30. Nc1 Bxb2 31. Nxe2 Rf5+ 32. Ke1 Bc3 0-1

[Event "Druzynowe Mistrzostwa Polski Juniorow - Ekstraliga"]
[Site "Suchedniow"]
[Date "1899-12-30"]
[Round "9.10"]
[White "Oglaza, Oskar"]
[Black "Ossolinski, Ziemowit"]
[Result "1/2-1/2"]
[WhiteTitle "k"]
[BlackTitle "I"]
[WhiteElo "2107"]
[BlackElo "1845"]

1. e4 e6 2. d4 d5 3. Nd2 dxe4 4. Nxe4 Nd7 5. Nf3 Ngf6 6. Nxf6+ Nxf6 7. Be3 Nd5
8. Qd2 Bd7 9. Be2 Nxe3 10. Qxe3 Qf6 11. O-O Bd6 12. Ne5 Rd8 13. Nxd7 Rxd7 14.
c3 O-O 15. g3 b6 16. Bb5 Re7 17. Bc6 e5 18. dxe5 Rxe5 19. Qf3 Rf5 20. Qg2 h5 21.
Be4 Rb5 22. f4 h4 23. Qe2 Rc5 24. Rae1 Qh6 25. Kg2 g6 26. Qf3 Qg7 27. Re3 hxg3
28. hxg3 Rh5 29. Ree1 Rd8 30. Rh1 Rxh1 31. Rxh1 Bc5 32. Rd1 1/2-1/2

[Event "Druzynowe Mistrzostwa Polski Juniorow - Ekstraliga"]
[Site "Suchedniow"]
[Date "1899-12-30"]
[Round "9.11"]
[White "Kaczmarska, Joanna"]
[Black "Kopica, Paulina"]
[Result "0-1"]
[WhiteTitle "k"]
[BlackTitle "I++"]
[WhiteElo "1923"]
[BlackElo "1899"]

1. d4 Nf6 2. c4 g6 3. Nc3 d5 4. cxd5 Nxd5 5. e4 Nxc3 6. bxc3 Bg7 7. Bb5+ c6 8.
Bc4 O-O 9. a4 c5 10. Ne2 Nc6 11. Be3 Bg4 12. f3 Bd7 13. O-O Qc7 14. dxc5 Rad8
15. Qc2 Na5 16. Bd5 Bc6 17. Bxc6 Qxc6 18. Rfd1 Nc4 19. Bf2 Bh6 20. Nd4 Qc8 21.
Qa2 Ne5 22. Nb3 Qc6 23. Nd4 Qa6 24. Qc2 Rd7 25. Nb5 Rfd8 26. Rxd7 Rxd7 27. Rd1
Rxd1+ 28. Qxd1 Qa5 29. Bg3 Nc6 30. Bf2 a6 31. Nd4 Ne5 32. Qb3 Nd3 33. Qc4 Nb2
34. Qd5 Qxc3 35. Qd8+ Bf8 36. g3 Nd3 37. Ne2 Qd2 38. Kg2 Qxe2 39. c6 Qxf2+ 40.
Kh3 Qxf3 0-1

[Event "Druzynowe Mistrzostwa Polski Juniorow - Ekstraliga"]
[Site "Suchedniow"]
[Date "1899-12-30"]
[Round "9.12"]
[White "Sowa, Wiktoria"]
[Black "Malicka, Maria"]
[Result "1-0"]
[WhiteTitle "I"]
[BlackTitle "k+"]
[WhiteElo "1539"]
[BlackElo "1938"]

1. e4 e5 2. Nf3 Nc6 3. Bb5 a6 4. Ba4 Nf6 5. O-O Be7 6. Re1 b5 7. Bb3 d6 8. c3 O-O
9. h3 Na5 10. Bc2 c5 11. d4 Qc7 12. Bg5 Bb7 13. Nbd2 Rac8 14. Rc1 Rfe8 15. d5
Nd7 16. b3 Bxg5 17. Nxg5 h6 18. Ngf3 Nf6 19. Nf1 Rcd8 20. Ng3 Bc8 21. Nh4 g6 22.
Nf3 Nb7 23. Qe2 Bd7 24. Nh2 Rc8 25. Qe3 Kg7 26. Rf1 c4 27. b4 Nh7 28. f4 exf4
29. Qxf4 Re7 30. Ng4 Bxg4 31. Qxg4 Kh8 32. Qh4 Kg7 33. Qg4 Kh8 34. Qh4 h5 35.
Rf2 Rce8 36. Rcf1 Kg7 37. Ne2 Nd8 38. Nd4 Qb6 39. Qg3 Kh8 40. Qf4 Kg7 41. Qg3
Kh8 42. Qf4 Re5 43. Qh6 R5e7 44. Kh1 Kg8 45. Rf3 Rb7 46. Nf5 f6 47. Qxg6+ Kf8
48. Rg3 1-0

[Event "Druzynowe Mistrzostwa Polski Juniorow - Ekstraliga"]
[Site "Suchedniow"]
[Date "1899-12-30"]
[Round "9.13"]
[White "Janik, Igor"]
[Black "Jarmula, Lukasz"]
[Result "0-1"]
[WhiteTitle "FM"]
[BlackTitle "IM"]
[WhiteElo "2318"]
[BlackElo "2447"]

1. e4 c5 2. Nf3 d6 3. d4 cxd4 4. Nxd4 Nf6 5. Nc3 a6 6. h3 e5 7. Nde2 b5 8. g4 b4
9. Nd5 Nxd5 10. exd5 Be7 11. Ng3 Nd7 12. Bg2 O-O 13. O-O Bg5 14. Bd2 Rb8 15. Ne4
Bxd2 16. Qxd2 Nf6 17. f4 Nxe4 18. Bxe4 Qh4 19. Kg2 f5 20. fxe5 fxe4 21. Rxf8+
Kxf8 22. Qf4+ Kg8 23. Rf1 Qe7 24. exd6 Qe8 25. Re1 Bd7 26. Rxe4 Qg6 27. Re7 Qxc2+
28. Kg3 Rf8 29. Qe3 Qc8 30. Qd4 Rf7 31. Qxb4 Qf8 32. Qe4 h5 33. gxh5 Rf1 34. Qe3
Qf5 35. Kg2 Rb1 36. Re5 Qf1+ 37. Kg3 Qxh3+ 0-1

[Event "Druzynowe Mistrzostwa Polski Juniorow - Ekstraliga"]
[Site "Suchedniow"]
[Date "1899-12-30"]
[Round "9.14"]
[White "Gazik, Viktor"]
[Black "Delekta, Filip"]
[Result "1/2-1/2"]
[WhiteTitle "FM"]
[BlackTitle "I++"]
[WhiteElo "2436"]
[BlackElo "2209"]

1. e4 c5 2. Nc3 Nc6 3. f4 e6 4. Nf3 d5 5. Bb5 Nge7 6. exd5 exd5 7. Qe2 Bg4 8. O-O
Qd6 9. Qe5 O-O-O 10. Qxd6 Rxd6 11. Ng5 Bh5 12. Be2 Bxe2 13. Nxe2 Rf6 14. b3 h6
15. Nf3 Re6 16. Re1 Nb4 17. Ng3 Nxc2 18. Rxe6 fxe6 19. Rb1 Nb4 20. Bb2 Nd3 21.
Ne2 Nc6 22. Nh4 Rg8 23. Ng6 Bd6 24. g3 Ne7 25. Nxe7+ Bxe7 26. Ba3 g5 27. Rf1 Rf8
28. Rf3 Nb4 29. Bxb4 cxb4 30. Kg2 g4 31. Re3 Kd7 32. Nd4 Rf6 33. Re5 Bc5 34. Ne2
Rf5 1/2-1/2

[Event "Druzynowe Mistrzostwa Polski Juniorow - Ekstraliga"]
[Site "Suchedniow"]
[Date "1899-12-30"]
[Round "9.15"]
[White "Dzida, Kamil"]
[Black "Lis, Mateusz"]
[Result "0-1"]
[WhiteTitle "I"]
[BlackTitle "I"]
[WhiteElo "1781"]
[BlackElo "1994"]

1. e4 c5 2. Nf3 e6 3. d4 cxd4 4. Nxd4 a6 5. Bd3 Nf6 6. O-O Qc7 7. Qe2 d6 8. c4
Nbd7 9. Nc3 b6 10. Be3 g6 11. f4 Bg7 12. Rac1 Bb7 13. b4 O-O 14. a3 Rac8 15. h3
Qb8 16. Nb3 Rfe8 17. Qf2 Qa8 18. Nd2 d5 19. e5 Ne4 20. Bxe4 dxe4 21. Bxb6 Nxb6
22. Qxb6 Red8 23. Qe3 Rd3 24. Qe2 Rd4 25. Rfd1 Rcd8 26. Nb3 Rxd1+ 27. Rxd1 Bh6
28. g3 Rxd1+ 29. Qxd1 e3 30. Qe2 Bh1 31. Kf1 g5 32. Ke1 gxf4 33. gxf4 Qd8 34.
Qxe3 Qh4+ 35. Qf2 Qxh3 36. Kd2 Bf3 37. Qd4 Qh2+ 38. Ke3 Bh5 39. Qd8+ Bf8 40. Ne4
Qg1+ 41. Kd3 Qb1+ 42. Ke3 Qxb3+ 43. Kf2 Qf3+ 0-1

[Event "Druzynowe Mistrzostwa Polski Juniorow - Ekstraliga"]
[Site "Suchedniow"]
[Date "1899-12-30"]
[Round "9.16"]
[White "Jobda, Rafal"]
[Black "Czechowski, Jakub"]
[Result "1/2-1/2"]
[WhiteTitle "II"]
[BlackTitle "II"]
[WhiteElo "1566"]
[BlackElo "1634"]

1. e4 c5 2. c3 d5 3. exd5 Qxd5 4. d4 Nc6 5. Be3 Bf5 6. Nf3 e6 7. Nbd2 Nf6 8. h3
cxd4 9. Nxd4 Nxd4 10. Bxd4 Be7 11. Qa4+ Kf8 12. Be2 Ne4 13. Bf3 Bg5 14. Rd1 Rd8
15. Nxe4 Bxe4 16. Bxg7+ Kxg7 17. Rxd5 exd5 18. Bxe4 dxe4 19. O-O Rhe8 20. Rd1
e3 21. fxe3 Bxe3+ 22. Kh2 f5 23. Rd7+ Kg6 24. Qd1 Bf4+ 25. g3 Rxd7 26. Qxd7 Re2+
27. Kg1 Bxg3 28. Qb5 Re1+ 29. Kg2 f4 30. Qd3+ Kg5 31. Qd5+ Kg6 32. Qd6+ Kg5 33.
Qd8+ Kg6 34. Qg8+ Kf6 35. Qd8+ Kg6 36. Qd6+ Kg5 37. Qd5+ Kg6 38. Qd3+ Kg5 39.
Qd5+ Kg6 40. Qd3+ 1/2-1/2

[Event "Druzynowe Mistrzostwa Polski Juniorow - Ekstraliga"]
[Site "Suchedniow"]
[Date "1899-12-30"]
[Round "9.17"]
[White "Malinowska, Monika"]
[Black "Gazikova, Veronika"]
[Result "0-1"]
[WhiteTitle "I"]
[BlackTitle "k"]
[WhiteElo "1378"]
[BlackElo "2207"]

1. d4 Nf6 2. c4 Nc6 3. Nf3 e6 4. Nc3 Bb4 5. Bd2 O-O 6. e3 d6 7. a3 Bxc3 8. Bxc3
Ne4 9. Qc2 Nxc3 10. Qxc3 Qe7 11. Be2 e5 12. d5 Nb8 13. c5 f5 14. cxd6 cxd6 15.
O-O Nd7 16. Qc7 Qf6 17. b4 Rf7 18. Qc3 Qh6 19. Rfd1 Nf6 20. Nd2 Bd7 21. Rac1 Ba4
22. Nb3 Ne4 23. Qd3 Qh4 24. Rf1 Bxb3 25. Qxb3 Nd2 26. Qc3 Nxf1 27. Bxf1 f4 28.
exf4 Qxf4 29. f3 e4 30. Be2 exf3 31. Bxf3 Re8 32. h3 Re3 33. Qb2 Rfe7 34. Rf1
Re1 35. Qf2 Rxf1+ 36. Qxf1 Qg3 37. Be2 Qe3+ 0-1

[Event "Druzynowe Mistrzostwa Polski Juniorow - Ekstraliga"]
[Site "Suchedniow"]
[Date "1899-12-30"]
[Round "9.18"]
[White "Kulpa, Zuzanna"]
[Black "Kaniowska, Anna"]
[Result "1-0"]
[WhiteTitle "I++"]
[BlackTitle "II+"]
[WhiteElo "1615"]
[BlackElo "1390"]

1. e4 e5 2. Nf3 Nc6 3. Bb5 a6 4. Ba4 Nf6 5. O-O b5 6. Bb3 Be7 7. Re1 O-O 8. c3
d6 9. h3 Na5 10. Bc2 c5 11. d4 cxd4 12. cxd4 Nc6 13. a3 Bb7 14. d5 Nb8 15. Nbd2
Nbd7 16. Nf1 Re8 17. Ng3 Bf8 18. Nf5 g6 19. Nh6+ Kg7 20. Ng5 Re7 21. h4 Ng8 22.
Ng4 Ngf6 23. f4 Nxg4 24. Qxg4 Nf6 25. Qf3 Kg8 26. fxe5 Rxe5 27. Be3 Bg7 28. Bd4
Re8 29. Rf1 h6 30. Nh3 Rc8 31. Bd3 Re5 32. Bxe5 dxe5 33. Nf2 Qe7 34. Rac1 Rxc1
35. Rxc1 Ne8 36. g3 Nd6 37. Qe3 h5 38. Qb6 Nc8 39. Rc7 Nxb6 40. Rxe7 Bc8 41. Re8+
Kh7 42. d6 Bf6 43. Bf1 Be6 44. Bh3 Bxh3 45. Nxh3 Kg7 46. Rb8 Nd7 47. Ra8 Nc5 48.
b4 Ne6 49. Ng5 Nd4 50. Rc8 Ne6 51. Nxe6+ fxe6 52. d7 1-0

[Event "Druzynowe Mistrzostwa Polski Juniorow - Ekstraliga"]
[Site "Suchedniow"]
[Date "1899-12-30"]
[Round "9.19"]
[White "Kiolbasa, Oliwia"]
[Black "Koziol, Kamil"]
[Result "1/2-1/2"]
[WhiteTitle "WIM"]
[BlackTitle "k"]
[WhiteElo "2318"]
[BlackElo "2270"]

1. e4 e5 2. Nf3 Nc6 3. Bc4 Nf6 4. d3 Be7 5. O-O O-O 6. Re1 d6 7. a4 Na5 8. Ba2
c5 9. c3 Nc6 10. h3 h6 11. Bd2 a6 12. Na3 Rb8 13. b4 cxb4 14. cxb4 b5 15. axb5
axb5 16. Nc2 Be6 17. d4 Bxa2 18. Rxa2 d5 19. exd5 Qxd5 20. Qa1 e4 21. Ne3 Qd7
22. Ne5 Nxe5 23. dxe5 Nd5 24. Nxd5 Qxd5 25. Qb1 Qxe5 26. Qxe4 Qxe4 27. Rxe4 Bf6
28. Ra5 Rfc8 29. Bf4 Rb7 30. Bd6 Rc1+ 1/2-1/2

[Event "Druzynowe Mistrzostwa Polski Juniorow - Ekstraliga"]
[Site "Suchedniow"]
[Date "1899-12-30"]
[Round "9.20"]
[White "Zylka, Stanislaw"]
[Black "Szostko, Jakub"]
[Result "1-0"]
[WhiteTitle "k"]
[BlackTitle "k"]
[WhiteElo "2239"]
[BlackElo "2246"]

1. d4 Nf6 2. Nf3 g6 3. c4 Bg7 4. g3 O-O 5. Bg2 d6 6. O-O Nc6 7. Nc3 a6 8. Bf4 Rb8
9. Rc1 b5 10. Nd5 Nh5 11. Bg5 h6 12. Be3 Bb7 13. cxb5 axb5 14. Qd2 Kh7 15. Nxc7
Qxc7 16. d5 Nf6 17. dxc6 Bc8 18. b4 Ng4 19. Bd4 e5 20. h3 Nf6 21. Be3 Be6 22.
Rfd1 Rfd8 23. g4 Ra8 24. Rc2 Ne4 25. Qd3 Bxa2 26. Qxe4 Bb3 27. Rd5 Bxc2 28. Qxc2
Ra1+ 29. Kh2 e4 30. Bd4 exf3 31. Bxa1 fxg2 32. Bxg7 Kxg7 33. Kxg2 Rc8 34. Qc3+
Kg8 35. Rxb5 Qxc6+ 36. Qxc6 Rxc6 37. Rb8+ Kg7 38. b5 Rc2 39. Kf3 Rb2 40. b6 Rb3+
41. e3 d5 42. h4 d4 43. g5 hxg5 44. hxg5 dxe3 45. fxe3 Rb5 46. Kf4 Rf5+ 47. Kg4
Rb5 48. e4 Rb1 49. Kf4 Rb5 50. e5 Rb1 51. Ke4 Rb5 52. Kd4 Kh7 53. Kc4 Rb1 54.
Kc5 Rc1+ 55. Kd6 Rb1 56. Kc7 Rc1+ 57. Kb7 Rg1 58. Re8 Rxg5 59. Kc8 Rg1 60. b7
Rb1 61. b8=Q Rxb8+ 62. Kxb8 g5 63. Kc7 g4 64. Kd6 Kg6 65. e6 fxe6 66. Kxe6 Kg5
67. Ke5 g3 68. Rg8+ Kh4 69. Kf4 1-0

[Event "Druzynowe Mistrzostwa Polski Juniorow - Ekstraliga"]
[Site "Suchedniow"]
[Date "1899-12-30"]
[Round "9.21"]
[White "Kosakowski, Jakub"]
[Black "Posluszny, Tomasz"]
[Result "1-0"]
[WhiteTitle "k"]
[BlackTitle "II"]
[WhiteElo "2122"]
[BlackElo "1555"]

1. e4 c5 2. Nf3 e6 3. d4 cxd4 4. Nxd4 Nf6 5. Nc3 Nc6 6. Ndb5 Bc5 7. Bf4 O-O 8.
Bc7 Qe7 9. Bd6 Bxd6 10. Qxd6 Qd8 11. Qg3 d5 12. O-O-O d4 13. e5 Nd7 14. Nxd4 Ncxe5
15. Be2 a6 16. Rhe1 Qe7 17. Kb1 Rd8 18. f4 Nc6 19. Nxc6 bxc6 20. f5 Nf6 21. Bf3
Rxd1+ 22. Rxd1 Nd5 23. Nxd5 cxd5 24. fxe6 fxe6 25. Rxd5 exd5 26. Bxd5+ Be6 27.
Bxa8 Qa7 28. Qe1 Qxa8 29. Qxe6+ Kf8 30. Qe2 Qa7 31. Qf1+ Ke7 32. a3 Qb6 33. Ka2
Qe6+ 34. c4 a5 35. Qf4 Kd7 36. Qd4+ Kc8 37. Qc5+ 1-0

[Event "Druzynowe Mistrzostwa Polski Juniorow - Ekstraliga"]
[Site "Suchedniow"]
[Date "1899-12-30"]
[Round "9.22"]
[White "Oleksy, Krzysztof"]
[Black "Pytel, Maciej"]
[Result "1/2-1/2"]
[WhiteTitle "I"]
[BlackTitle "I"]
[WhiteElo "1569"]
[BlackElo "2000"]

1. e4 c5 2. b3 Nc6 3. Bb2 a6 4. c4 e5 5. Nc3 d6 6. Nge2 g6 7. g3 Bg7 8. Bg2 Nge7
9. O-O O-O 10. Nd5 f5 11. d3 Nd4 12. Bxd4 cxd4 13. Rc1 Nxd5 14. cxd5 f4 15. gxf4
exf4 16. f3 Be5 17. Qe1 g5 18. Qf2 Qf6 19. Rfd1 g4 20. Qf1 Qg5 21. Kh1 h5 22.
Ng1 a5 23. a3 b6 24. Rc2 Ba6 25. Rdc1 Rfc8 26. Rc6 Qd8 27. Qd1 Bb5 28. R6c2 Rxc2
29. Rxc2 Rc8 30. Ne2 Bd7 31. Qc1 Rxc2 32. Qxc2 Qh4 33. Ng1 g3 34. h3 Qd8 35. Qc4
b5 36. Qc2 Qc8 37. Qxc8+ Bxc8 38. b4 axb4 39. axb4 Kg7 40. Bf1 Bf6 41. Kg2 Kg6
42. Be2 Bd8 43. Bd1 Kf6 44. Bb3 Ke5 45. Ne2 Bb6 46. Nc1 Ba6 47. Na2 Ba7 48. Bc2
Bc8 49. Nc1 Bb6 1/2-1/2

[Event "Druzynowe Mistrzostwa Polski Juniorow - Ekstraliga"]
[Site "Suchedniow"]
[Date "1899-12-30"]
[Round "9.23"]
[White "Burakowska, Gabriela"]
[Black "Cieslak, Wiktoria"]
[Result "1-0"]
[WhiteTitle "I++"]
[BlackTitle "k+"]
[WhiteElo "1841"]
[BlackElo "1983"]

1. e4 c5 2. Nc3 Nc6 3. g3 g6 4. Bg2 Bg7 5. d3 e6 6. Be3 d6 7. Qd2 Rb8 8. Nf3 Nge7
9. Bh6 O-O 10. h4 f5 11. h5 Qe8 12. Nb5 gxh5 13. Bxg7 Kxg7 14. Nxd6 Qg6 15. O-O-O
b5 16. Qc3+ Kg8 17. Qxc5 b4 18. exf5 exf5 19. Rde1 Be6 20. Kb1 Rfd8 21. Nc4 Rbc8
22. Qe3 Bxc4 23. dxc4 h6 24. Ne5 Nxe5 25. Qxe5 Qf7 26. b3 Nc6 27. Qc5 Qc7 28.
Bd5+ Kh8 29. Re6 Nb8 30. Qd4+ Kh7 31. Rxh5 Qg7 32. Qf4 1-0

[Event "Druzynowe Mistrzostwa Polski Juniorow - Ekstraliga"]
[Site "Suchedniow"]
[Date "1899-12-30"]
[Round "9.24"]
[White "Kroliczek, Gabriela"]
[Black "Kalinowska, Zuzanna"]
[Result "1/2-1/2"]
[WhiteTitle "I"]
[BlackTitle "k"]
[WhiteElo "1404"]
[BlackElo "1910"]

1. e4 c5 2. a3 e6 3. b4 Qf6 4. Ra2 cxb4 5. axb4 Bxb4 6. c3 Be7 7. d4 Qg6 8. Qf3
d6 9. Bb5+ Nd7 10. Ne2 e5 11. Nd2 a6 12. O-O Rb8 13. Bxd7+ Bxd7 14. Qd3 Be6 15.
d5 Bd7 16. f4 f6 17. f5 Qf7 18. Nb3 Bd8 19. Ba3 Qe7 20. Qg3 Kf8 21. Nbd4 Bb6 22.
Kh1 Bc5 23. Bxc5 dxc5 24. Ne6+ Bxe6 25. fxe6 Qd6 26. Qg4 g6 27. Ng3 Qe7 28. h4
Nh6 29. Qh3 Kg7 30. Rd2 Rbd8 31. h5 Rd6 32. Rdf2 Rf8 33. Ne2 b5 34. Nc1 c4 35.
Na2 a5 36. g4 g5 37. Kg2 Qa7 38. Rb2 Qc5 39. Rfb1 Rb8 40. Kf3 Rdb6 41. Qf1 Ng8
42. Qe1 h6 43. Qd2 Ne7 44. Rd1 Nc8 45. Rdb1 Nd6 46. Qe1 Kf8 47. Qd2 Ke7 48. Qe1
R8b7 49. Qd2 Rb8 50. Qe1 Ne8 51. Kg3 1/2-1/2

[Event "Druzynowe Mistrzostwa Polski Juniorow - Ekstraliga"]
[Site "Suchedniow"]
[Date "1899-12-30"]
[Round "9.25"]
[White "Sernecki, Franciszek"]
[Black "Kucza, Karol"]
[Result "1/2-1/2"]
[WhiteTitle "I"]
[BlackTitle "FM"]
[WhiteElo "1974"]
[BlackElo "2294"]

1. d4 Nf6 2. Nf3 e6 3. c4 d5 4. e3 Nbd7 5. Nbd2 b6 6. Bd3 Bb7 7. O-O Be7 8. b3
O-O 9. Bb2 c5 10. Ne5 dxc4 11. Bxc4 Nxe5 12. dxe5 Ne4 13. Nxe4 Bxe4 14. Qg4 Bb7
15. Rad1 Qc7 16. Rd6 Rad8 17. Rfd1 h5 18. Qg3 Qc6 19. Bd5 Qxd5 20. R6xd5 Bxd5
21. h3 c4 22. bxc4 Bxc4 23. Rd4 Rxd4 24. exd4 Bxa2 25. Ba3 Bxa3 26. Qxa3 Bc4 27.
Qxa7 b5 28. f3 h4 29. Kf2 Rd8 30. Ke3 Bf1 31. Kf2 Bc4 32. Ke3 Bf1 33. Kf2 Bc4
34. Ke3 1/2-1/2